[Event "Pan American-ch U20"]
[Site "San Salvador"]
[Date "2015.07.20"]
[Round "7"]
[White "Ampie, Mauro"]
[Black "Colorado, Efrain"]
[Result "1-0"]
[WhiteElo "2193"]
[BlackElo "1841"]
[PlyCount "56"]
[EventDate "2015.07.16"]
[EventType "swiss"]
[EventRounds "9"]
[EventCountry "ESA"]
[SourceTitle "EXT 2016"]
[Source "ChessBase"]
[SourceDate "2015.10.08"]
[SourceVersion "1"]
[SourceVersionDate "2015.10.08"]
[SourceQuality "1"]

1. e4 e5 2. Nf3 Nc6 3. d4 exd4 4. Bc4 Be7 5. c3 Na5 6. Be2 dxc3 7. Nxc3 d6 8. 0-0 Nf6 9. e5 Nd7 10. exd6 Bxd6 11. Nb5 Bc5 12. b4 Bxb4 13. Bf4 0-0 14. Nxc7 Nb6 15. Nxa8 Qxd1 16. Rfxd1 Nxa8 17. Be3 Nb6 18. Rab1 Nc6 19. Ne5 Nxe5 20. Bxb6 a5 21. Rd8 Rxd8 22. Bxd8 Bf5 23. Rd1 Be6 24. a3 Bc3 25. Rb1 Nc6 26. Bc7 Bc8 27. Bf3 Nd4 28. Bxb7 Bf5 1-0

[Event "Pan American-ch U20"]
[Site "San Salvador"]
[Date "2015.07.19"]
[Round "6"]
[White "Colorado, Efrain"]
[Black "Guzman, Oswaldo"]
[Result "1-0"]
[WhiteElo "1841"]
[BlackElo "2066"]
[PlyCount "133"]
[EventDate "2015.07.16"]
[EventType "swiss"]
[EventRounds "9"]
[EventCountry "ESA"]
[SourceTitle "EXT 2016"]
[Source "ChessBase"]
[SourceDate "2015.10.08"]
[SourceVersion "1"]
[SourceVersionDate "2015.10.08"]
[SourceQuality "1"]

1. e4 c5 2. Nc3 a6 3. Nf3 d6 4. d4 cxd4 5. Nxd4 Nf6 6. Be3 e5 7. Nb3 Be7 8. f3 Be6 9. Qd2 0-0 10. Be2 a5 11. a4 Na6 12. 0-0 Nb4 13. Nc1 d5 14. exd5 Nfxd5 15. Nxd5 Nxd5 16. Nd3 Nxe3 17. Qxe3 Qd4 18. Qxd4 exd4 19. Nf4 Bd7 20. Nd5 Bc5 21. Bd3 Bc6 22. Nf4 Rfe8 23. b3 Bd6 24. Ne2 Bb4 25. Ng3 g6 26. Rf2 Kg7 27. Re2 f5 28. Rxe8 Rxe8 29. Ne2 Rd8 30. Kf2 Kf6 31. Rc1 Bc5 32. Ng3 b6 33. Ne2 Be8 34. Kf1 Bf7 35. Ng3 h5 36. Kf2 Bf8 37. Ne2 Bh6 38. f4 Bf8 39. h4 Bc5 40. g3 Bd5 41. Ng1 Re8 42. Nf3 Re3 43. Ne5 Bd6 44. Nc4 Rf3+ 45. Ke2 Bc7 46. Rg1 Ke6 47. Nd2 Re3+ 48. Kf2 Kf6 49. Re1 Rxe1 50. Kxe1 Ke7 51. Kf2 Ke6 52. Nf3 Bxf3 53. Kxf3 Kd5 54. Bc4+ Kc5 55. Ke2 Kd6 56. Bf7 g5 57. hxg5 h4 58. gxh4 Ke7 59. Bg6 Bxf4 60. Kf3 Bd2 61. Bxf5 Kf7 62. Kg4 Kg7 63. h5 Kh8 64. Be6 Kg7 65. h6+ Kh8 66. Kh5 d3 67. cxd3 1-0

[Event "Pan American-ch U20"]
[Site "San Salvador"]
[Date "2015.07.18"]
[Round "5"]
[White "Mendez, Alan Steven"]
[Black "Colorado, Efrain"]
[Result "1/2-1/2"]
[WhiteElo "1744"]
[BlackElo "1841"]
[PlyCount "64"]
[EventDate "2015.07.16"]
[EventType "swiss"]
[EventRounds "9"]
[EventCountry "ESA"]
[SourceTitle "EXT 2016"]
[Source "ChessBase"]
[SourceDate "2015.10.08"]
[SourceVersion "1"]
[SourceVersionDate "2015.10.08"]
[SourceQuality "1"]

1. e4 e5 2. Nf3 Nc6 3. Bb5 Nf6 4. d3 d6 5. c3 a6 6. Ba4 b5 7. Bc2 Be7 8. 0-0 0-0 9. Nbd2 Nb8 10. Re1 Nbd7 11. d4 c5 12. Nf1 Qc7 13. dxe5 dxe5 14. Ne3 Re8 15. Nd5 Nxd5 16. Qxd5 Bb7 17. Qd3 Rad8 18. Qe2 Nf6 19. Bg5 h6 20. Bh4 Nh7 21. Bg3 Bf6 22. Rad1 Ng5 23. Nxg5 Bxg5 24. h4 Bf6 25. Qh5 Qe7 26. a4 Bc6 27. axb5 axb5 28. Qg4 Bd7 29. Qh5 Bc6 30. Qg4 Bd7 31. Qh5 Bc6 32. Qg4 Bd7 1/2-1/2